Hoofdsteden per Letter - D - Statistieken

Algemene statistieken
  • Deze quiz is 1.571 keer genomen
    1.561 sinds de laatste reset
  • De gemiddelde score is 6 van 10
Antwoordstatistieken
Land Hoofdstad % Correct
Ierland Dublin
85%
Bangladesh Dhaka
79%
Senegal Dakar
69%
Djibouti Djibouti
65%
Syrië Damascus
64%
Qatar Doha
59%
Oost-Timor Dili
54%
Tanzania Dodoma
52%
Tadzjikistan Doesjanbe
52%
Zuid-Soedan Djoeba
36%
Geen overeenkomende quizzen gevonden
Scoreverdeling
Procent van Mensen met Elke Score
Percentiel versus Aantal Correcte Antwoorden
Uw Scoregeschiedenis
U heeft deze quiz nog niet genomen sinds de laatste reset